000 00837nam a22002777a 4500
001 BR6010498
003 BR-BrBNA
005 20230928083326.0
007 ta
008 230509b bl.||||| |||| 00| 0 por d
040 _aBR-BrBNA
_bpor
_cBiblioteca Nacional de Agricultura
041 _a(Por)
072 _aF28
_b/G514
090 _ F28 BR6010498
100 1 _aAlberti, S.I.
110 1 _aCompanhia Agropecuaria de Fomento Economico do Parana, Curitiba (Brasil)
_92271
245 1 _aConservacao de solos [Parana, Brasil]
260 3 _aCuritiba, PR (Brasil):
_c[nd].
300 _a28 p.
500 _a(*) Documento disponível no(a) Biblioteca Estadual da Agricultura, Curitiba, PR (Brazil)
650 _aCONSERVACAO DO SOLO
650 _aEROSAO
650 _aPARANA
909 _a202309
_bLucia
_c55
_dLucia Elande
942 _cBK
999 _c12816
_d12816